00658nam a2200193Ia 4500008004100000020001400041082001900055100002000074245008100094250000800175260004400183300002700227500001900254600002700273650001500300942000700315952012700322999001500449240925s9999 xx 000 0 und d a408015322 a621.381548 NOL aNot - Available 0aJones's Instruments Technology: automatic instruments and measuring systems  a4th aOxford:bButter worth -Heinemanc,2003. axix,304p.b5fOriginal aIncludes Index aElectronic Engineering aTechnology cBK 001040708ELaUITUbUITUd2003-05-20eRoyal Book Company l0o621.381548 NOLpQ5071r2024-09-25 07:13:43w2024-09-25yBK c7570d7570